N'oubliez pas les paroles - PLK #1 - Statistiques

Statistiques générales
  • Ce quiz a été pris 796 fois
  • Le résultat moyen est 4 sur 15
Statistiques - réponses
Début Réponse % Correct
Il pleut à Paris... Mais qu'est-ce qu'on fait là
81%
Tout part en couilles, depuis qu'être influenceuse... ça paie plus qu'être médecin
47%
Ma sœur me dit qu'j'suis grossier... Mais que j'fais aussi des gros sons
31%
Arrête d'me répéter que je vais finir enfermé, ça va me porter la poisse... Tu devrais la fermer
28%
Sous Jack Fuego j'lui envoie tout... J'lui tire les cheveux j'lui casse le cou
24%
Des meufs comme toi, j'en ai dégoûté... Tu vas m'aimer tu vas t'étouffer
24%
J'fais des concerts au schtar, j'fais des concerts au Canada... J'fais kiffer ton grand frère j'fais kiffer ta nana
23%
J'aime pas les gus qui r'gardent bizarrement... Avec ma bitch dans voiture allemande
21%
J'me pose des questions, solo à la maison, maman avait raison... Les amis ça change comme les saisons
20%
On passe à l'épicier chacun sa teille-bou d'Cristaline, mélange vodka, Red Bull kho... ça redonne des vitamines
17%
Si demain tu pars je sais pas c'que j'vais faire... J't'enverrai des cartes du haut de la Tour Eiffel
13%
J'éclate un ou deux pilons et c'est reparti, j'suis comme un moteur de Féfé... Si t'appuies ça part vite
9%
A7, fond d'sept, j'rentre pété, en Christian, Giuseppe, tout baiser, c'est mon métier... Parc des Princes, Vélodrome, on a l'double des clés
6%
J'ai connu des hauts et des bas... Quand j'partirai on s'souviendra d'moi
4%
Fonce-dé sur une île comme Lilo et Stitch... C'est pas ma faute si ton igo il snitch
1%
Aucun quiz correspondant
Distribution des résultats
% des personnes avec chaque résultat
Percentile par nombre de réponses
Votre historique - résultats
Vous n’avez pas pris ce quiz